Państwa położone najbliżej Jemenu - Statystyki

Ogólne statystyki
  • Ten quiz został rozwiązany 97 razy
  • Średni wynik to 17 z 20
Statystyki odpowiedzi
km Państwo mile % Poprawnych
0 Oman 0
100%
0 Arabia Saudyjska 0
99%
442 Zjednoczone Emiraty Arabskie 275
98%
615 Katar 382
92%
839 Egipt 521
90%
480 Sudan 298
90%
858 Iran 533
89%
133 Somalia 83
89%
771 Bahrajn 479
88%
29 Erytrea 18
88%
20 Dżibuti 13
87%
1212 Irak 753
87%
1493 Jordania 928
86%
109 Etiopia 68
85%
1106 Kuwejt 687
83%
1070 Sudan Południowy 665
82%
985 Kenia 612
77%
1206 Pakistan 750
61%
1504 Afganistan 935
51%
1397 Uganda 868
48%
Nie znaleziono quizów pasujących do podanych kryteriów
Rozkład punktacji
Procent ludzi z każdym wynikiem
Percentyl według liczby udzielonych odpowiedzi
Twoja historia wyników
Nie rozwiązałeś tego quizu